000 00907 a2200217 4500
003 Nust
005 20230327113004.0
010 _a 87030539
020 _a0471821675
020 _a0471821675 (v. 1)
040 _cNust
082 0 0 _a629.8312,BIE
100 1 _aBiernson, George.
_967103
245 1 0 _aPrinciples of feedback control /
_cGeorge Biernson.
_bVolume 1:feedback system design
260 _aNew York :
_bWiley,
_cc1988-
300 _a497p
_bill. ;
_c24 cm.
505 1 _aIntroduction (Page-1), Transient Analysis (Page-28), Graphical Frequency Response Analysis (Page-93), Design of DC Electric Motor Servos (Page-169), General Time Behavior of Feedback Loops (Page-226), Control-System Disturbances (Page-350), A Servo Design Example (Page-395).
650 0 _aFeedback control systems.
856 4 _3Table of Contents
_uhttp://www.loc.gov/catdir/toc/onix05/87030539.html
942 _2ddc
_cBK
999 _c183918
_d183918